Statistiques concernant Quiz sur les impôts

Cliquez ici pour prendre le quiz!

Statistiques générales

  • Ce quiz a été pris 71 fois
    (52 depuis la dernière actualisation)
  • Le résultat moyen est 7 sur 25

Statistiques - réponses

QuestionsRéponses% Correct
Impôt local dû tous les ans par le propriétaire ou l'usufruitier d'un bien immobilierTaxe Foncière
68%
Taux normal de la TVA ( en 2021 )20 %
64%
Que signifie le sigle TVA ?Taxe sur la Valeur Ajoutée
64%
Quel groupe chante "Le Rap-Tout" en 1991 ?Les Inconnus
45%
Montant d'une amende pour non respect du confinement ( 1ère infraction )135 euros
43%
Montant qui sert de base au calcul d'un impôt ou d'une taxeAssiette
41%
Décharge d'impôt totale ou partielle prévue par la loiExonération
41%
Droit accordé à un créancier sur un bien immeuble en garantie d'une dette, sans que le propriétaire du bien en soit dépossédéHypothèque
41%
Que signifie le sigle CSG ?Contribution Sociale Généralisée
34%
Pourcentage de déduction applicable à un revenu catégorielAbattement
32%
Augmentation à titre de sanction du montant de l'impôt dû par le contribuableMajoration
32%
Diminution totale ou partielle pratiquée sur le montant de l'impôt dû par le redevableDégrèvement
27%
Diminution du montant de l'impôt dû décidée par l'administration fiscale suite à une demande du contribuableRemise
25%
Montant de la redevance TV ( en 2021 )138 euros
23%
Consolidation d'une situation juridique par l'écoulement d'un délaiPrescription
23%
Que signifie le sigle PAS ?Prélèvement à la source
20%
Acte qui met fin, qui lève les effets d'une saisie, d'une oppositionMainlevée
14%
Vignette servant au paiement d’une amendeTimbre-amende
14%
« Proposition de rectification » lorsque l'Administration Fiscale juge que des erreurs ont été commisesRedressement
11%
Que signifie le sigle SATD ?Saisie A Tiers Détenteur
11%
Que signifie le sigle CFE ?Cotisation Foncière des entreprises
9%
Opération de calcul de l'impôt par application du taux ou du tarif à la base imposableLiquidation
9%
Prix d'un service rendu par une entité publiqueRedevance
9%
Titres en vertu desquels les comptables publics effectuent et poursuivent le recouvrement des impôtsRôles
5%
Que signifie le sigle CRDS ?Contribution pour le remboursement de la dette sociale ( Contribution Remboursement Dette Sociale )
0%

Distribution des résultats

Percentile par nombre de réponses

% des personnes avec chaque résultat

Votre développement - résultats

Vous n’avez pas pris ce quiz depuis la dernière actualisation